000 00316nam a22001457a 4500
008 230720b ||||| |||| 00| 0 eng d
020 _a9780521317948
041 _aeng
080 _a101
082 _a101DAN
100 _a44
101 _aFILOZO
245 _aJUST HEALTH CARE
_cDANIELS NORMAN
942 _2udc
_cBK
999 _c60183
_d60183